COOKERY KE SIDHANT (Record no. 8065)

MARC details
000 -LEADER
fixed length control field 00308nam a22001457a 4500
020 ## - INTERNATIONAL STANDARD BOOK NUMBER
International Standard Book Number 978-81-8204-088-5
082 ## - DEWEY DECIMAL CLASSIFICATION NUMBER
Classification number 641.5
Item number DUB
100 ## - MAIN ENTRY--PERSONAL NAME
Personal name DUBEY, KNISHAN.G
245 ## - TITLE STATEMENT
Title COOKERY KE SIDHANT
260 ## - PUBLICATION, DISTRIBUTION, ETC. (IMPRINT)
Place of publication, distribution, etc DELHI
Name of publisher, distributor, etc AMAN
Year of Publication 2015
300 ## - PAGE DESCRIPTION
No. of Pages 342
650 ## - SUBJECT ADDED ENTRY--TOPICAL TERM
Topical term or geographic name as entry element COOKERY
653 ## - KEYWORDS--INDEX TERM
Keyword term COOKERY
942 ## - ADDED ENTRY ELEMENTS (KOHA)
Source of classification or shelving scheme Dewey Decimal Classification
Koha item type Books
Holdings
Withdrawn status Lost status Source of classification or shelving scheme Damaged status Not for loan Collection code Home library Current library Shelving location Date acquired Vendor Name Cost, normal purchase price SGTU Bill Number Total Checkouts Full call number Accession No. (Barcode) Date last seen Bill Date Koha item type Date last borrowed
    Dewey Decimal Classification     HOTEL MANAGEMENT SGT Science & Social Sciences Library SGT Science & Social Sciences Library Text Book 10/10/2015 JINDAL BOOKSERVICE 380.00 SGTU 1775   641.5 DUB HM504 10/10/2015 07/09/2015 Books  
    Dewey Decimal Classification     HOTEL MANAGEMENT SGT Science & Social Sciences Library SGT Science & Social Sciences Library Text Book 10/10/2015 JINDAL BOOKSERVICE 380.00 SGTU 1775   641.5 DUB HM505 10/10/2015 07/09/2015 Books  
    Dewey Decimal Classification     HOTEL MANAGEMENT SGT Science & Social Sciences Library SGT Science & Social Sciences Library Text Book 10/10/2015 JINDAL BOOKSERVICE 380.00 SGTU 1775 1 641.5 DUB HM506 27/01/2017 07/09/2015 Books 19/01/2017